US Cities Chain - Statistics

General Stats
  • This quiz has been taken 74 times
  • The average score is 22 of 24
Answer Stats
Clue City % Correct
City of Angels Los Angeles
99%
Music City Nashville
99%
Golden Gate San Francisco
99%
Capital of Colorado Denver
97%
Motor City Detroit
97%
Across the bay from the above city Oakland
96%
Capital of Iowa Des Moines
94%
Capital of Indiana Indianapolis
94%
Capital of Virginia Richmond
94%
Capital of Minnesota Saint Paul
94%
Capital of Illinois Springfield
94%
Gateway Arch St. Louis
94%
Has a neighborhood called Little Havana Miami
93%
The Big Easy New Orleans
93%
Nebraska's largest Omaha
93%
Capital of North Carolina Raleigh
93%
Capital of Oregon Salem
93%
Capital of Connecticut Hartford
91%
Capital of Wisconsin Madison
91%
On the US-Mexico border north of Ciudad Juarez El Paso
89%
Home to the University of Arizona Tucson
89%
Home to the University of Michigan Ann Arbor
83%
Home to Duke University Durham
80%
Home to Yale University New Haven
76%
No matching quizzes found
Score Distribution
Percent of People with Each Score
Percentile by Number Answered
Your Score History
You have not taken this quiz